সে ও আমি / (Record no. 44215)
[ view plain ]
| 000 -LEADER | |
|---|---|
| fixed length control field | 00772nam a2200241 a 4500 |
| 001 - CONTROL NUMBER | |
| control field | 44215 |
| 003 - CONTROL NUMBER IDENTIFIER | |
| rucl marc code | BD-RjUL |
| 005 - DATE AND TIME OF LATEST TRANSACTION | |
| control field | 20211209053822.0 |
| 008 - FIXED-LENGTH DATA ELEMENTS--GENERAL INFORMATION | |
| fixed length control field | 160714s1955 ii ||||| |||| 00| f ben d |
| 020 ## - INTERNATIONAL STANDARD BOOK NUMBER | |
| Terms of availability | : IRs. 2.50 |
| 035 ## - SYSTEM CONTROL NUMBER | |
| System control number | (BD-RjUL)44333 |
| 040 ## - CATALOGING SOURCE | |
| Original cataloging agency | BD-RjUL |
| Language of cataloging | ben |
| Transcribing agency | BD-RjUL |
| 041 ## - LANGUAGE CODE | |
| Language code of text/sound track or separate title | ben |
| 082 ## - DEWEY DECIMAL CLASSIFICATION NUMBER | |
| Edition number | 23 |
| Classification number | 891.443 |
| Author mark and year | BAS 1955 |
| 100 ## - MAIN ENTRY--PERSONAL NAME | |
| Personal name | বনফুল |
| 9 (RLIN) | 135764 |
| 245 10 - TITLE STATEMENT | |
| Title | সে ও আমি / |
| Statement of responsibility, etc. | বনফুল |
| 250 ## - EDITION STATEMENT | |
| Edition statement | ২য় সং. |
| 260 ## - PUBLICATION, DISTRIBUTION, ETC. (IMPRINT) | |
| Place of publication, distribution, etc. | কলিকাতা : |
| Name of publisher, distributor, etc. | বেঙ্গল পাবলিশার্স, |
| Date of publication, distribution, etc. | ১৯৫৫ (১৩৬২) |
| 300 ## - PHYSICAL DESCRIPTION | |
| Pagination | [৪], ১৭৩ পৃ. ; |
| Size | ১৯ সেমি. |
| 650 ## - SUBJECT ADDED ENTRY--TOPICAL TERM | |
| Topical term or geographic name as entry element | বাংলা উপন্যাস |
| 9 (RLIN) | 135765 |
| Topical term or geographic name as entry element | Bengali Fiction |
| 9 (RLIN) | 135766 |
| 942 ## - ADDED ENTRY ELEMENTS (KOHA) | |
| Source of classification or shelving scheme | Dewey Decimal Classification |
| Koha item type | Books |
| Lost status | Source of classification or shelving scheme | Damaged status | Not for loan | Collection code | Permanent Location | Current Location | Shelving location | Date acquired | Source of acquisition | Cost, normal purchase price | Total Checkouts | Full call number | Date last seen | Copy number | Koha item type |
|---|---|---|---|---|---|---|---|---|---|---|---|---|---|---|---|
| Dewey Decimal Classification | Fiction | Central Library, University of Rajshahi | Central Library, University of Rajshahi | 23/09/1957 | Kamala Book | 2.80 | B 891.443 BAS 1955 | 14/07/2016 | C-2 | Books |